[Event "WchT Seniors 65"]
[Site "Rhodes"]
[Date "2019.04.21"]
[Round "6.5"]
[White "Uddenfeldt, Dan"]
[Black "Seret, Jean Luc"]
[Result "1-0"]
[WhiteElo "2339"]
[BlackElo "2332"]
[PlyCount "83"]
[EventDate "2019.04.16"]
[EventType "team-swiss"]
[EventRounds "9"]
[EventCountry "GRE"]
[SourceTitle "CBM 190 Extra"]
[Source "ChessBase"]
[SourceDate "2019.07.15"]
[SourceVersion "1"]
[SourceVersionDate "2019.07.15"]
[SourceQuality "1"]
[WhiteTeam "Sweden"]
[BlackTeam "France"]
[WhiteTeamCountry "SWE"]
[BlackTeamCountry "FRA"]

1. d4 d6 2. c4 e5 3. Nf3 e4 4. Ng5 f5 5. g3 Be7 6. h4 Nf6 7. Nc3 0-0 8. e3 c6 9. a3 Na6 10. Bd2 Nc7 11. Be2 Ne6 12. Nh3 c5 13. d5 Nc7 14. Qb3 Nd7 15. Nf4 Ne5 16. a4 g6 17. Nb5 Ne8 18. a5 a6 19. Na3 Rb8 20. Bc3 Bf6 21. Nb1 Ng7 22. Nd2 Bd7 23. Ra2 Be8 24. f3 exf3 25. Bxf3 Qe7 26. Be2 h6 27. Ng2 g5 28. hxg5 hxg5 29. Rh6 Nd7 30. Ra3 Be5 31. Kf2 Nf6 32. Qd1 Ne4+ 33. Nxe4 fxe4+ 34. Kg1 Bxg3 35. Bg4 Bd7 36. Be6+ Bxe6 37. dxe6 Rf3 38. Qd5 Rbf8 39. Ra1 Bf2+ 40. Kh1 Bg3 41. Nf4 Bxf4 42. Qxe4 1-0

[Event "WchT Seniors 65"]
[Site "Dresden"]
[Date "2018.07.12"]
[Round "6.2"]
[White "Seret, Jean Luc"]
[Black "Ackermann, Hans Werner"]
[Result "0-1"]
[WhiteElo "2353"]
[BlackElo "2267"]
[PlyCount "98"]
[EventDate "2018.07.07"]
[EventType "team-swiss"]
[EventRounds "9"]
[EventCountry "GER"]
[SourceTitle "CBM 185 Extra"]
[Source "ChessBase"]
[SourceDate "2018.07.29"]
[SourceVersion "1"]
[SourceVersionDate "2018.07.29"]
[SourceQuality "1"]
[WhiteTeam "France"]
[BlackTeam "Germany III"]
[WhiteTeamCountry "FRA"]
[BlackTeamCountry "GER"]

1. b3 d6 2. Bb2 e5 3. e3 Nf6 4. Nf3 Be7 5. d4 e4 6. Nfd2 0-0 7. c4 c6 8. Nc3 d5 9. f3 exf3 10. Qxf3 Bg4 11. Qf2 Na6 12. Bd3 Bh5 13. h3 Nb4 14. Bb1 Bg6 15. 0-0 Bxb1 16. Raxb1 Nd3 17. Qf5 Nxb2 18. Rxb2 Bb4 19. Ndb1 Qa5 20. Qd3 Rae8 21. Rxf6 gxf6 22. Rf2 Qd8 23. cxd5 Qe7 24. e4 Kg7 25. dxc6 bxc6 26. Rf4 Rd8 27. d5 Bd6 28. Rf5 Rg8 29. Nd2 Kf8 30. Nf3 Bc7 31. Qc4 Qa3 32. Nh2 Qb2 33. Ng4 Rxg4 34. hxg4 Qc1+ 35. Kf2 Qd2+ 36. Kf1 Bg3 37. Kg1 Qe3+ 38. Kh1 Qh6+ 39. Kg1 Qe3+ 40. Kh1 Qc1+ 41. Qf1 Qxc3 42. Rxf6 Rd7 43. Rxc6 Qe1 44. Qxe1 Bxe1 45. Kg1 Bg3 46. Kf1 Rd6 47. Rc3 Be5 48. Rh3 Kg7 49. Rh5 f6 0-1

[Event "Avoine op 30th"]
[Site "Avoine"]
[Date "2015.07.18"]
[Round "1"]
[White "Seret, Jean Luc"]
[Black "Bouvet, Florian"]
[Result "1/2-1/2"]
[WhiteElo "2392"]
[BlackElo "2040"]
[PlyCount "82"]
[EventDate "2015.07.18"]
[EventType "swiss"]
[EventRounds "9"]
[EventCountry "FRA"]
[SourceTitle "EXT 2016"]
[Source "ChessBase"]
[SourceDate "2015.10.08"]
[SourceVersion "1"]
[SourceVersionDate "2015.10.08"]
[SourceQuality "1"]

1. e4 c5 2. Nf3 d6 3. c3 Nf6 4. Bd3 Nc6 5. Bc2 g6 6. d4 cxd4 7. cxd4 Bg4 8. d5 Ne5 9. Ba4+ Ned7 10. Nc3 Bg7 11. h3 Bxf3 12. Qxf3 0-0 13. 0-0 Rc8 14. Qe2 a6 15. Bc2 b5 16. a3 Nb6 17. Na2 Nfd7 18. Nb4 Nb8 19. Rb1 Qc7 20. Bd3 Nc4 21. Bf4 Ne5 22. Rbc1 Qb7 23. Bb1 a5 24. Nd3 Nbd7 25. b3 b4 26. axb4 axb4 27. Bd2 Nxd3 28. Bxd3 Nc5 29. Bc4 Ra8 30. Rc2 Ra3 31. Rb1 Rfa8 32. Qe1 Ra2 33. Rbc1 Rxc2 34. Rxc2 Ra1 35. Rc1 Rxc1 36. Bxc1 Bc3 37. Qe2 Qa7 38. Kh2 Qa1 39. Bg5 Bf6 40. Bd2 Bc3 41. Bg5 Bf6 1/2-1/2

[Event "Dieppe op-A 8th"]
[Site "Dieppe"]
[Date "2012.08.31"]
[Round "8"]
[White "Seret, Jean Luc"]
[Black "Istratescu, Andrei"]
[Result "0-1"]
[WhiteElo "2379"]
[BlackElo "2647"]
[PlyCount "50"]
[EventDate "2012.08.26"]
[EventType "swiss"]
[EventRounds "9"]
[EventCountry "FRA"]
[SourceTitle "EXT 2013"]
[Source "ChessBase"]
[SourceDate "2012.11.22"]
[SourceVersion "1"]
[SourceVersionDate "2012.11.22"]
[SourceQuality "1"]

1. e4 e5 2. Nf3 Nc6 3. Be2 Nf6 4. d3 g6 5. 0-0 d6 6. c3 Bg7 7. b4 0-0 8. Nbd2 Nh5 9. b5 Ne7 10. d4 exd4 11. cxd4 Nf4 12. Nb3 Nxe2+ 13. Qxe2 a6 14. Be3 f5 15. e5 f4 16. Bd2 axb5 17. Qxb5 c6 18. Qb4 dxe5 19. Nxe5 Nd5 20. Qc4 Bxe5 21. dxe5 f3 22. Nd4 Qh4 23. Rfe1 fxg2 24. f4 Ra3 25. Re2 b5 0-1

[Event "Dieppe op-A 8th"]
[Site "Dieppe"]
[Date "2012.08.30"]
[Round "7"]
[White "Marholev, Dimitar"]
[Black "Seret, Jean Luc"]
[Result "1-0"]
[WhiteElo "2364"]
[BlackElo "2379"]
[PlyCount "57"]
[EventDate "2012.08.26"]
[EventType "swiss"]
[EventRounds "9"]
[EventCountry "FRA"]
[SourceTitle "EXT 2013"]
[Source "ChessBase"]
[SourceDate "2012.11.22"]
[SourceVersion "1"]
[SourceVersionDate "2012.11.22"]
[SourceQuality "1"]

1. e4 d6 2. d4 Nf6 3. Nc3 e5 4. Nf3 Nbd7 5. Bc4 Be7 6. 0-0 0-0 7. Re1 c6 8. a4 b6 9. d5 cxd5 10. Bxd5 Nxd5 11. Nxd5 Nf6 12. Nxf6+ Bxf6 13. c4 Be6 14. b3 a6 15. Ba3 Be7 16. Qd3 Qc7 17. Nd2 Kh8 18. Nf1 f5 19. exf5 Bxf5 20. Qe2 b5 21. cxb5 axb5 22. Qxb5 Rfb8 23. Qd5 Qd7 24. Nd2 Ra6 25. Nc4 Be6 26. Nxe5 Bxd5 27. Nxd7 Re8 28. Rac1 Kg8 29. a5 1-0

[Event "FRA-chT1 1011"]
[Site "France"]
[Date "2010.11.14"]
[Round "3.4"]
[White "Velikov, Petar"]
[Black "Seret, Jean Luc"]
[Result "1/2-1/2"]
[WhiteElo "2417"]
[BlackElo "2406"]
[PlyCount "146"]
[EventDate "2010.10.17"]
[EventType "team-tourn"]
[EventRounds "11"]
[EventCountry "FRA"]
[SourceTitle "EXT 2012"]
[Source "ChessBase"]
[SourceDate "2011.11.24"]
[SourceVersion "1"]
[SourceVersionDate "2011.11.24"]
[SourceQuality "1"]

1. c4 e5 2. g3 Nf6 3. Bg2 c6 4. d4 Bb4+ 5. Bd2 Bxd2+ 6. Qxd2 d6 7. Nc3 0-0 8. e4 c5 9. dxe5 dxe5 10. 0-0-0 Qxd2+ 11. Rxd2 Nc6 12. Nd5 a6 13. Nb6 Rb8 14. Ne2 Be6 15. Nc3 Rbd8 16. Ncd5 Nd7 17. Nxd7 Bxd7 18. f4 f6 19. Re1 Be6 20. Re3 Nd4 21. b3 Rd6 22. Kb2 Rb8 23. Rc3 Kf8 24. Bf1 Ke8 25. f5 Bf7 26. g4 h6 27. h4 Rbd8 28. Rg2 Kd7 29. g5 hxg5 30. hxg5 Rh8 31. gxf6 gxf6 32. Rg7 Ke8 33. Rh3 Rxh3 34. Bxh3 Kf8 35. Rh7 Kg8 36. Rh4 b5 37. Bg4 Kg7 38. Bh5 Bxh5 39. Rxh5 Nf3 40. Kc3 b4+ 41. Kd3 a5 42. Rh3 Ng5 43. Rh1 Rd8 44. a3 bxa3 45. Ra1 Rh8 46. Rxa3 Rh3+ 47. Ne3 Rh4 48. Rxa5 Nxe4 49. Ra7+ Kf8 50. Nd5 Nd6 51. Ra6 Rh3+ 52. Kc2 Rh2+ 53. Kc1 Ne4 54. Nxf6 Ng3 55. Ng4 Rh5 56. f6 Ne2+ 57. Kd2 Nd4 58. Ke3 Rh3+ 59. Ke4 Rh4 60. Ra8+ Kf7 61. Ra7+ Ke6 62. Rg7 Nf5 63. Rg8 Nh6 64. Re8+ Kd7 65. Rxe5 Rxg4+ 66. Kd5 Rf4 67. Re7+ Kd8 68. Rh7 Rxf6 69. Kxc5 Nf7 70. b4 Kc7 71. b5 Rf5+ 72. Kb4 Kb6 73. Rg7 Nd8 1/2-1/2

[Event "FRA-chT1 0910"]
[Site "France"]
[Date "2009.11.21"]
[Round "4.3"]
[White "Tripoteau, Nicolas"]
[Black "Seret, Jean Luc"]
[Result "1-0"]
[WhiteElo "2406"]
[BlackElo "2384"]
[PlyCount "67"]
[EventDate "2009.09.27"]
[EventType "team-tourn"]
[EventRounds "11"]
[EventCountry "FRA"]
[SourceTitle "EXT 2011"]
[Source "ChessBase"]
[SourceDate "2010.11.26"]
[SourceVersion "1"]
[SourceVersionDate "2010.11.26"]
[SourceQuality "1"]

1. d4 d6 2. e4 Nf6 3. Nc3 Nbd7 4. f4 e5 5. Nf3 exd4 6. Qxd4 c6 7. Be3 d5 8. exd5 Bc5 9. Qd3 Qe7 10. Nd4 Ng4 11. Nf5 Nde5 12. Nxe7 Nxd3+ 13. Bxd3 Nxe3 14. Nxc8 Rxc8 15. dxc6 Rxc6 16. Ke2 Re6 17. Kf3 Nxc2 18. Ne4 Nd4+ 19. Kg3 Be7 20. Rhe1 h6 21. Rad1 0-0 22. Bc4 Nf5+ 23. Kg4 h5+ 24. Kxh5 Rc6 25. Bb3 Nh4 26. Re2 Kh8 27. Ng5 Rh6+ 28. Kg4 f5+ 29. Kg3 Bxg5 30. fxg5 Rh5 31. Rd6 Kh7 32. Ree6 Rc8 33. Bd5 Rc2 34. Re8 1-0

[Event "FRA-chT1 0910"]
[Site "France"]
[Date "2009.10.18"]
[Round "3.3"]
[White "Seret, Jean Luc"]
[Black "Velikov, Petar"]
[Result "0-1"]
[WhiteElo "2398"]
[BlackElo "2425"]
[PlyCount "76"]
[EventDate "2009.09.27"]
[EventType "team-tourn"]
[EventRounds "11"]
[EventCountry "FRA"]
[SourceTitle "EXT 2011"]
[Source "ChessBase"]
[SourceDate "2010.11.26"]
[SourceVersion "1"]
[SourceVersionDate "2010.11.26"]
[SourceQuality "1"]

1. e4 c5 2. Nf3 e6 3. c3 Nf6 4. d3 d5 5. Qe2 Be7 6. e5 Nfd7 7. g3 Nc6 8. h4 b5 9. Bh3 b4 10. 0-0 bxc3 11. bxc3 Ba6 12. Bf4 Nb6 13. a4 Na5 14. Nbd2 Qd7 15. Rfc1 0-0 16. h5 Rab8 17. h6 g6 18. Bg5 Bxg5 19. Nxg5 Qe7 20. f4 c4 21. d4 Nb3 22. Nxb3 cxb3 23. Qf2 Bd3 24. Qd2 Bc2 25. Bf1 Rfc8 26. Rxc2 bxc2 27. Ba6 Nc4 28. Qxc2 Rc6 29. Bb5 Rc7 30. Qd3 Rb6 31. g4 a6 32. Bxc4 Rxc4 33. Ne4 Qh4 34. Nf6+ Kh8 35. Rb1 Rxb1+ 36. Qxb1 Qg3+ 37. Kh1 Qh3+ 38. Kg1 Qxc3 0-1

[Event "FRA-chT2 North 0809"]
[Site "France"]
[Date "2008.11.23"]
[Round "3.2"]
[White "Seret, Jean Luc"]
[Black "Cathelineau, Didier"]
[Result "1/2-1/2"]
[WhiteElo "2384"]
[BlackElo "2211"]
[PlyCount "97"]
[EventDate "2008.10.19"]
[EventType "team-tourn"]
[EventRounds "11"]
[EventCountry "FRA"]
[SourceTitle "EXT 2010"]
[Source "ChessBase"]
[SourceDate "2010.11.25"]
[SourceVersion "1"]
[SourceVersionDate "2010.11.25"]
[SourceQuality "1"]
[WhiteTeam "Gif sur Yvette"]
[BlackTeam "Cergy Pontoise"]
[WhiteTeamCountry "FRA"]
[BlackTeamCountry "FRA"]

1. e4 e5 2. Nf3 Nf6 3. d3 d6 4. Be2 Be7 5. 0-0 0-0 6. Re1 Nc6 7. Bf1 h6 8. Nc3 Bg4 9. h3 Bxf3 10. Qxf3 Nd4 11. Qd1 c6 12. Ne2 Nxe2+ 13. Qxe2 Re8 14. c3 Bf8 15. Be3 d5 16. Qc2 Qc7 17. Rad1 Rad8 18. a3 c5 19. Bc1 dxe4 20. dxe4 a6 21. b3 Rxd1 22. Rxd1 Rd8 23. Rxd8 Qxd8 24. f3 Qc7 25. Be3 Bd6 26. Qd2 Kf8 27. a4 Ke7 28. Bc4 Qc6 29. Qd3 Qc7 30. g4 Kf8 31. Qd2 Be7 32. Kg2 Qd6 33. Qxd6 Bxd6 34. h4 a5 35. Kf2 b6 36. Ke2 Ne8 37. Kd3 Bc7 38. Bd5 Ke7 39. Bf2 f6 40. Be3 Nd6 41. Bg8 Kf8 42. Be6 Ke7 43. Bd5 Kd7 44. Ke2 g5 45. h5 Bd8 46. Kd3 Kc7 47. Bd2 Kd7 48. Bg8 Bc7 49. Bd5 1/2-1/2

[Event "FRA Cup 1/128"]
[Site "Gif Sur Yvette"]
[Date "2008.01.13"]
[Round "?"]
[White "Dessau, Aurelien"]
[Black "Seret, Jean Luc"]
[Result "0-1"]
[WhiteElo "2206"]
[BlackElo "2380"]
[PlyCount "58"]
[EventDate "2008.01.13"]
[EventType "team-match"]
[EventCountry "FRA"]
[SourceTitle "EXT 2023"]
[Source "ChessBase"]
[SourceDate "2022.10.05"]
[SourceVersion "1"]
[SourceVersionDate "2022.10.05"]
[SourceQuality "1"]
[WhiteTeam "Paris Echiquier Latin"]
[BlackTeam "Gif sur Yvette"]
[WhiteTeamCountry "FRA"]
[BlackTeamCountry "FRA"]

1. e4 d6 2. d4 Nf6 3. Nc3 Nbd7 4. Nf3 e5 5. Bc4 Be7 6. 0-0 0-0 7. Qe2 c6 8. a4 b6 9. h3 a6 10. Be3 Bb7 11. Rad1 Qc7 12. Nh4 b5 13. Nf5 Rae8 14. Bb3 b4 15. Na2 exd4 16. Bxd4 c5 17. Bxf6 Nxf6 18. f3 g6 19. Ne3 Nh5 20. Rfe1 Bh4 21. Qc4 Bxe1 22. Rxe1 a5 23. Nc1 Qb6 24. Qb5 Qc7 25. Nd3 Ra8 26. e5 dxe5 27. Nxc5 Bc6 28. Nd5 Bxd5 29. Bxd5 Rab8 0-1

[Event "FRA-chT2 West 0708"]
[Site "France"]
[Date "2007.12.16"]
[Round "4.2"]
[White "Lefebvre, Herve"]
[Black "Seret, Jean Luc"]
[Result "0-1"]
[WhiteElo "2249"]
[BlackElo "2381"]
[PlyCount "79"]
[EventDate "2007.10.21"]
[EventType "team"]
[EventRounds "11"]
[EventCountry "FRA"]
[SourceTitle "EXT 2009"]
[Source "ChessBase"]
[SourceDate "2008.11.26"]
[SourceVersion "1"]
[SourceVersionDate "2008.11.26"]
[SourceQuality "1"]
[WhiteTeam "Gonfreville II"]
[BlackTeam "Gif sur Yvette"]
[WhiteTeamCountry "FRA"]
[BlackTeamCountry "FRA"]

1. e4 d6 2. d4 Nf6 3. Nc3 Nbd7 4. Nf3 e5 5. Bc4 Be7 6. 0-0 0-0 7. Re1 c6 8. a4 b6 9. Ba2 a6 10. h3 Bb7 11. dxe5 Nxe5 12. Nd4 b5 13. f4 Ng6 14. Nf5 b4 15. Ne2 Nxe4 16. Qd4 Nf6 17. Qxb4 Qd7 18. Neg3 c5 19. Qd2 Rfe8 20. b4 Bf8 21. Bb2 Ne4 22. Nxe4 Qxf5 23. Ng3 Qxf4 24. Qxf4 Nxf4 25. Rf1 Ne6 26. bxc5 d5 27. Rad1 Bxc5+ 28. Kh1 Rad8 29. Nf5 Bf8 30. Rd3 g6 31. Rg3 Nc5 32. Bf6 Rd7 33. Nd4 Ne4 34. Rd3 Nxf6 35. Rxf6 Re1+ 36. Kh2 Bg7 37. Rf2 Re4 38. c3 a5 39. Nb3 Ba6 40. Rdf3 0-1

[Event "FRA-chT2 West 0708"]
[Site "France"]
[Date "2007.10.21"]
[Round "1.1"]
[White "Coursaget, Nicolas"]
[Black "Seret, Jean Luc"]
[Result "1/2-1/2"]
[WhiteElo "2300"]
[BlackElo "2381"]
[PlyCount "74"]
[EventDate "2007.10.21"]
[EventType "team"]
[EventRounds "11"]
[EventCountry "FRA"]
[SourceTitle "EXT 2009"]
[Source "ChessBase"]
[SourceDate "2008.11.26"]
[SourceVersion "1"]
[SourceVersionDate "2008.11.26"]
[SourceQuality "1"]
[WhiteTeam "Lisieux"]
[BlackTeam "Gif sur Yvette"]
[WhiteTeamCountry "FRA"]
[BlackTeamCountry "FRA"]

1. d4 d6 2. e4 Nf6 3. Nc3 Nbd7 4. f4 e5 5. Nf3 exd4 6. Qxd4 c6 7. Be3 d5 8. exd5 Bc5 9. Qd3 Qe7 10. Nd4 Nb6 11. dxc6 bxc6 12. 0-0-0 Ba6 13. Qd2 Bxf1 14. Bf2 Nc4 15. Qe1 Bxd4 16. Qxe7+ Kxe7 17. Rxd4 c5 18. Rd1 Bxg2 19. Rhe1+ Kf8 20. Bxc5+ Kg8 21. Bxa7 h5 22. Bd4 Rh6 23. a4 Rg6 24. b3 Nd6 25. Be5 Nf5 26. Rd2 Bc6 27. Red1 Ne4 28. Nxe4 Bxe4 29. c4 Kh7 30. Rd8 Raa6 31. R1d2 Rg1+ 32. Kb2 f6 33. Bc3 Rb1+ 34. Ka2 Rc1 35. Bb2 Rf1 36. Bc3 Rc1 37. Kb2 Rb1+ 1/2-1/2